000 00314nam a2200145Ia 4500
100 _aSaluja/S.N
942 _cBK
654 _amechanics
245 _aEngineering applied mechanics
260 _bSatya prakashan
_aNew Delhi
_c1984
082 _a620.1
_bSAL
300 _a1984
546 _aENGLISH
999 _c29982
_d29982